Comunicación y lenguaje: 2º básico
Guardat en:
| Autors principals: | , |
|---|---|
| Format: | Llibre |
| Idioma: | espanyol |
| Publicat: |
Santiago
Antártica
1990
|
| Matèries: | |
| Etiquetes: |
Afegir etiqueta
Sense etiquetes, Sigues el primer a etiquetar aquest registre!
|
MARC
| LEADER | 00000nam a2200000 a 4500 | ||
|---|---|---|---|
| 001 | UCZ8755 | ||
| 003 | CL-VaPUC | ||
| 008 | 960125e19900000CL |||||||||||||||||spa|d | ||
| 082 | 0 | 4 | |a 372.6 |b LEY |2 21 |
| 100 | |a Leyton Navarro, Jorge Mario |e author |9 354157 | ||
| 700 | 0 | |a Muñoz Fernández, Luis Javier |e author |9 354149 | |
| 245 | 1 | 0 | |a Comunicación y lenguaje: 2º básico |
| 300 | |a 31 p | ||
| 942 | |c BK | ||
| 945 | |d 19960125 00:00:00 |a cmena | ||
| 260 | |a Santiago |b Antártica |c 1990 | ||
| 500 | |a Texto guía del profesor | ||
| 650 | 0 | |a Español |9 255372 | |
| 650 | 0 | |a Educación lingüística |9 306506 | |
| 650 | 0 | |a Educación básica |9 224933 | |
| 650 | 7 | |a GUIAS PEDAGOGICAS |2 CL-VaPUC |9 354150 | |
| 650 | 0 | |a Libros de texto |9 270019 | |
| 650 | 0 | |a Lectura |9 307634 | |
| 650 | 0 | |a Escritura |9 264941 | |
| 650 | 0 | |a Enseñanza de la lectura |9 308364 | |
| 650 | 0 | |a Enseñanza de la escritura |9 307377 | |
| 650 | 0 | |a Rol del docente |9 329733 | |
| 583 | |a last modification |c 20170816 03:10:47 |k Rodrigo Vera | ||
| 999 | |c 244570 |d 244568 | ||
| 952 | |0 0 |1 0 |4 0 |6 372_600000000000000_LEY_1990 |7 0 |8 P |9 258679 |a BIBEDU |b BIBEDU |c BIBEDU_PB |d 2019-11-19 |i 1622552 |o 372.6 LEY 1990 |p 1622552 |r 2024-01-25 |w 2019-11-19 |y BK |k EDU | ||